000 02351nam a2200373 i 4500
005 20250616120401.0
008 250616s2022 ii a br 000 1 tam d
020 _a9789395776509
_cRM7.00
_qpaperback
040 _aPPAK
_beng
_cPPAK
_erda
041 1 _atam
_aeng
082 0 4 _223
_a894.8113
090 0 0 _a894.8113
_bELA
_dK
100 1 _aElango, Ko. Ma. Ko.,
_eauthor.
245 1 0 _6880-01
_aTiyāviṉ ṭūṭū =
_bDIYA'S DODO /
_cKo.Ma.Ko.Elango ; Illustrator: T. N. Rajan
250 _aMutal patippu
264 1 _aCeṉṉai :
_bPuks K̲apār Cilraṉ,
_c2022
300 _a24 pages :
_billustrations (black and white) ;
_c22 cm
336 _atext
_2rdacontent
337 _aunmediated
_2rdamedia
338 _avolume
_2rdacarrier
490 1 _aCiṟār iru moḻik kataikaḷ
500 _aChildren's stories
520 _a"டூடூ... ஆமாம்! 'டூடூ' என்றொரு அழகிய பறவை. பூமியில் அழிந்துவிட்ட பறவை, ஒருநாள் உயிர்பெற்று வருகிறது. தியாவைச் சந்திக்கிறது. அதற்கு உதவியவர் தியாவின் அம்மா என்றால் ஆச்சரியமாக இருக்கிறதா? இதெல்லாம் எப்படி நிகழ்ந்தது? உலகில் அழிந்துபோன பறவைகளை உயிர்ப்பிக்க முடியுமா? அந்த ரகசியத்தை அறிந்தவள் தியா ஒருத்தி தான். தியாவிடம் கேட்டால் தெரிந்துவிடும் உண்மை!"-- Back cover
546 _aIn Tamil and English
650 1 0 _aChildren's stories, Tamil
650 2 0 _aChildren's stories, Indic (English)
650 2 0 _aBirds
_vJuvenile fiction
650 2 0 _aButterflies
_vJuvenile fiction
650 2 0 _aGirls
_vJuvenile fiction
700 1 _aRajan, T.N.,
_eillustrator.
830 0 _aCiṟār iru moḻik kataikaḷ
880 _6245-01/$1
_aதியாவின் டூடூ / கொ. மா. கோ. இளங்கோ ; ஓவியம், டி. என். ராஜன்
942 _2ddc
_cB
999 _c199780
_d199780